000 00711 a2200181 4500
003 Nust
005 20170207154457.0
040 _cNust
082 _a621.382
100 _aIkram, Ammar (MSEE-16)
245 _aAnalysis of Eigenvalue based spectrum sensing techniques in Cognitive Radio Networks
_cAmmar Ikram
260 _aRawalpindi
_bMCS, NUST
_c2013
300 _aviii,37, p;
505 _aIntroduction (page-1) Spectrum sensing techniques (page-4) Eigenvalue based spectrum sensing techniques (page-7) Fast iterative eigenvalue problem algorithms (page-15) Computational complexity (page-24) Simulation and results (page-27)
538 _aAlmirah No. 69 Shelf No. 2
650 _aPG Thesis
651 _aMSEE-16
942 _cTHS
999 _c197867
_d197867